[Event "PRO League Group Stage"]
[Site "chess.com INT"]
[Date "2018.02.04"]
[Round "4"]
[White "Vachier-Lagrave, Maxime"]
[Black "Gupta, Abhijeet"]
[Result "1-0"]
[WhiteTitle "GM"]
[BlackTitle "GM"]
[WhiteElo "2793"]
[BlackElo "2610"]
[WhiteTeam "Marseille Migraines"]
[BlackTeam "Delhi Dynamite"]
[WhiteFideId "623539"]
[BlackFideId "5010608"]
[EventDate "2018.01.18"]

1. e4 c5 2. Nf3 d6 3. d4 cxd4 4. Nxd4 Nf6 5. Nc3 Nc6 6. Bc4 e6 7. Be3 a6 8. a3
Qc7 9. Ba2 Bd7 10. O-O Be7 11. f4 O-O 12. Kh1 Nxd4 13. Qxd4 Bc6 14. f5 e5 15.
Qd3 h6 16. Bf2 Rad8 17. Rad1 Rd7 18. Bh4 d5 19. Bxf6 Bxf6 20. exd5 Bb5 21. Nxb5
axb5 22. c3 Qc5 23. Rfe1 Rfd8 24. Re4 Rd6 25. Rb4 Rb6 26. Qe2 Rdd6 27. g3 Qc8
28. Bb1 Qc5 29. Be4 Rd7 30. Kg2 Rd8 31. Bf3 Qc8 32. Qe3 Rdd6 33. Be4 Qc7 34. Qe2
Qc5 35. Rc1 Rd8 36. Rc2 Be7 37. c4 bxc4 38. Rbxc4 Qb5 39. b4 Ra6 40. Qd3 Raa8
41. R2c3 Qb6 42. Qc2 Bg5 43. Rc7 Rf8 44. Qf2 Qa6 45. Bd3 Qf6 46. h4 Bxh4 47.
gxh4 e4 48. Bxe4 Rfe8 49. R7c4 Kh7 50. Qf4 Kh8 51. h5 Red8 52. Kg3 Re8 53. d6
Rad8 54. Rd3 Qa1 55. Rc1 Qb2 56. Bf3 Re5 57. Qd2 1-0

[Event "PRO League Group Stage"]
[Site "chess.com INT"]
[Date "2018.02.04"]
[Round "4"]
[White "Sebenik, Matej"]
[Black "Sharafiev, Azat"]
[Result "1-0"]
[WhiteTitle "GM"]
[BlackTitle "IM"]
[WhiteElo "2551"]
[BlackElo "2432"]
[WhiteTeam "Ljubljana Turtles"]
[BlackTeam "Volga Stormbringers"]
[WhiteFideId "14602296"]
[BlackFideId "4186214"]
[EventDate "2018.01.18"]

1. d4 e6 2. e4 d5 3. Nd2 Nc6 4. Ngf3 Nf6 5. e5 Nd7 6. Bd3 Nb4 7. Be2 c5 8. c3
Nc6 9. O-O Be7 10. Re1 O-O 11. Nf1 b6 12. Ng3 a5 13. Be3 cxd4 14. cxd4 Ba6 15.
Rc1 Bxe2 16. Rxe2 Rc8 17. Rec2 Ndb8 18. a3 Qd7 19. h4 a4 20. h5 h6 21. Nh2 Rfe8
22. Ng4 Kh8 23. Qf3 Rf8 24. Rc3 f5 25. exf6 Bxf6 26. Nxf6 Rxf6 27. Qd1 Ne7 28.
Rxc8+ Nxc8 29. Qg4 Nc6 30. Bf4 Rf8 31. Ne2 Nd6 32. Rxc6 Qxc6 33. Qxe6 Rxf4 34.
Nxf4 Qc1+ 35. Kh2 Qxf4+ 36. Kg1 Qc1+ 37. Kh2 Qc7 38. Qxd5 Ne4+ 39. g3 Nf6 40.
Qa8+ Kh7 41. Qxa4 Nxh5 42. d5 Nf6 43. Qc6 Qf7 44. d6 Ng4+ 45. Kh3 Nxf2+ 46. Kg2
Qf5 47. d7 Ng4 48. d8=Q Ne3+ 49. Kh2 Qf2+ 50. Kh3 Qf5+ 51. g4 Qxg4+ 52. Kh2 Nf1+
53. Kh1 Ng3+ 54. Kg2 Ne4+ 55. Kf1 Qf3+ 56. Ke1 Qh1+ 57. Ke2 Nc3+ 58. Qxc3 Qc6
59. Qxc6 1-0

[Event "PRO League Group Stage"]
[Site "chess.com INT"]
[Date "2018.02.04"]
[Round "4"]
[White "Vachier-Lagrave, Maxime"]
[Black "Carlsen, Magnus"]
[Result "1/2-1/2"]
[WhiteTitle "GM"]
[BlackTitle "GM"]
[WhiteElo "2793"]
[BlackElo "2834"]
[WhiteTeam "Marseille Migraines"]
[BlackTeam "Norway Gnomes"]
[WhiteFideId "623539"]
[BlackFideId "1503014"]
[EventDate "2018.01.18"]

1. e4 e5 2. Nf3 Nc6 3. Bb5 Nf6 4. O-O Nxe4 5. Re1 Nd6 6. Nxe5 Be7 7. Bf1 Nf5 8.
Nf3 O-O 9. d4 d5 10. c3 Bd6 11. Nbd2 Nce7 12. Bd3 Ng6 13. g3 c6 14. Nf1 Bd7 15.
Qc2 Qc8 16. h4 Nfe7 17. Ne3 Re8 18. Bd2 Nf8 19. Re2 f6 20. Rae1 Be6 21. c4 Qd7
22. c5 Bc7 23. b4 Bf7 24. Nf5 Nxf5 25. Bxf5 Qd8 26. Rxe8 Bxe8 27. Qb3 Bd7 28.
Bxd7 Qxd7 29. a4 Re8 30. Rxe8 Qxe8 31. b5 Qe4 32. bxc6 bxc6 33. Kg2 Ne6 34. Qb7
Bd8 35. Qd7 g5 36. hxg5 fxg5 37. Kg1 Qb1+ 38. Be1 Qe4 39. Bd2 Qb1+ 40. Ne1 Qe4
41. Nf3 1/2-1/2

[Event "PRO League Group Stage"]
[Site "chess.com INT"]
[Date "2018.02.04"]
[Round "4"]
[White "Vachier-Lagrave, Maxime"]
[Black "Melkumyan, Hrant"]
[Result "1-0"]
[WhiteTitle "GM"]
[BlackTitle "GM"]
[WhiteElo "2793"]
[BlackElo "2654"]
[WhiteTeam "Marseille Migraines"]
[BlackTeam "Armenia Eagles"]
[WhiteFideId "623539"]
[BlackFideId "13302485"]
[EventDate "2018.01.18"]

1. e4 e5 2. Nf3 Nc6 3. c3 Nf6 4. d4 d5 5. Bb5 exd4 6. e5 Ne4 7. cxd4 Be7 8. O-O
O-O 9. Be3 Bg4 10. h3 Bh5 11. Nc3 Nxc3 12. bxc3 Na5 13. g4 Bg6 14. Nd2 c6 15.
Be2 f5 16. f4 Qd7 17. Kh2 b5 18. Rg1 Nc4 19. Nxc4 bxc4 20. Rb1 Rab8 21. g5 Rb5
22. a4 Rb7 23. Rxb7 Qxb7 24. Qd2 Rb8 25. Bd1 Qb1 26. Bc2 Qa2 27. Rg2 Rb2 28. Qd1
Bh5 29. Qxh5 Rxc2 30. Qe8+ Bf8 31. Rxc2 Qxc2+ 32. Kg3 Qxc3 33. Kf3 Qa3 34. Qxc6
c3 35. Qxd5+ Kh8 36. Qc4 Qa1 37. Qc8 Qa3 38. d5 g6 39. d6 Kg8 40. d7 1-0

[Event "PRO League Group Stage"]
[Site "chess.com INT"]
[Date "2018.02.04"]
[Round "4"]
[White "Tan, Justin2"]
[Black "Mohammad, Nubairshah Shaikh"]
[Result "1-0"]
[WhiteTitle "IM"]
[BlackTitle "IM"]
[WhiteElo "2466"]
[BlackElo "2380"]
[WhiteTeam "London Lions"]
[BlackTeam "Mumbai Movers"]
[WhiteFideId "3206882"]
[BlackFideId "5053196"]
[EventDate "2018.01.18"]

1. e4 c6 2. d4 d5 3. Nc3 dxe4 4. Nxe4 Bf5 5. Ng3 Bg6 6. Nh3 Nf6 7. Nf4 e5 8.
dxe5 Qa5+ 9. c3 Qxe5+ 10. Be2 Nbd7 11. O-O Bc5 12. Nd3 Bxd3 13. Bxd3 O-O 14. Qf3
Qc7 15. Bc2 Ne5 16. Qf4 Rac8 17. Nf5 Ng6 18. Qxc7 Rxc7 19. b4 Bb6 20. c4 a5 21.
c5 Ba7 22. a3 b6 23. cxb6 Bxb6 24. Bb2 Rd8 25. Rfd1 Rcd7 26. Rxd7 Rxd7 27. Bc3
Ra7 28. Re1 Kf8 29. a4 Nf4 30. Be5 N4d5 31. Bd6+ Kg8 32. bxa5 Bxa5 33. Rb1 Rd7
34. Rb8+ Rd8 35. Rb7 Rd7 36. Rxd7 Nxd7 37. Nd4 Bb4 38. Bg3 c5 39. Nc6 Kf8 40. a5
Ne7 41. Bd6 Bxa5 42. Nxa5 Ke8 43. Ba4 Nf5 44. Bxc5 Kd8 45. Bb4 Nb6 46. Bb3 f6
47. Bc2 Nd4 48. Bxh7 Nd5 49. Bc5 Ne6 50. Ba7 Kd7 51. Bf5 Kd6 52. Bb8+ Ke7 53.
Nc6+ Kf7 54. Bxe6+ Kxe6 55. Nd4+ Kf7 56. g4 Nc3 57. Kg2 Nd5 58. h4 Nc3 59. h5
Nd5 60. Kf3 Nc3 61. Bg3 Nd5 62. Ke4 Nc3+ 63. Kd3 Nd5 64. f3 g6 65. hxg6+ Kxg6
66. Ke4 Nc3+ 67. Kd3 Nd5 68. Nf5 Kg5 69. Kd4 Nb4 70. Kc4 Nc2 71. Kd5 Nb4+ 72.
Ke4 Nc2 73. Bf4+ Kg6 74. Bd2 Na3 75. Nd6 Nc2 76. Kd3 Na1 77. Bb4 Nb3 78. Ba3 Na5
79. Ke4 Nc6 80. Kd5 Ne5 81. Ke4 Kg5 82. Bc1+ Kh4 83. Nf5+ Kh3 84. Bb2 Nxg4 85.
fxg4 Kxg4 86. Bxf6 Kh3 87. Kf3 Kh2 88. Ne3 Kh3 89. Ng2 Kh2 90. Bd4 Kh1 91. Nf4
Kh2 92. Kg4 Kh1 93. Be5 Kh2 94. Kf3 Kh1 95. Ng2 Kg1 96. Bf4 Kh1 97. Bg3 Kg1 98.
Bh4 Kh1 99. Kg3 Kg1 100. Bf6 Kf1 101. Nf4 Ke1 102. Kf3 Kd2 103. Ne2 Kd3 104. Be7
Kc4 105. Ke4 Kb3 106. Kd3 Ka4 107. Kc4 Ka5 108. Nc3 Kb6 109. Nb5 Kc6 110. Bc5
Kd7 111. Kd5 Kc8 112. Kc6 Kb8 113. Nc7 Kc8 114. Ba7 Kd8 115. Nd5 Ke8 116. Kd6
Kf7 117. Ne7 Kf6 118. Be3 Kf7 119. Bd4 Ke8 120. Ke6 Kd8 121. Bb6+ Ke8 122. Bc7
Kf8 123. Nf5 Ke8 124. Ng7+ Kf8 125. Kf6 Kg8 126. Kg6 Kf8 127. Bd6+ Kg8 128. Be7
Kh8 129. Nf5 Kg8 130. Nh6+ 1-0

[Event "PRO League Group Stage"]
[Site "chess.com INT"]
[Date "2018.02.04"]
[Round "4"]
[White "Tan, Justin2"]
[Black "Lalith, Babu M R"]
[Result "0-1"]
[WhiteTitle "IM"]
[BlackTitle "GM"]
[WhiteElo "2466"]
[BlackElo "2542"]
[WhiteTeam "London Lions"]
[BlackTeam "Delhi Dynamite"]
[WhiteFideId "3206882"]
[BlackFideId "5024595"]
[EventDate "2018.01.18"]

1. e4 c6 2. d4 d5 3. exd5 cxd5 4. c4 Nf6 5. Nc3 Nc6 6. Nf3 Be6 7. c5 g6 8. Be2
Bg7 9. O-O O-O 10. h3 Ne4 11. Be3 b6 12. cxb6 axb6 13. Qc1 Rc8 14. Rd1 Bf5 15.
Bh6 Qd6 16. Bxg7 Kxg7 17. Qe3 Nb4 18. Ne1 Nxc3 19. bxc3 Nc6 20. Nf3 Na5 21. Ne5
Rc7 22. Rdc1 Rfc8 23. a4 Nb3 24. g4 Nxc1 25. Rxc1 Bd7 26. Bb5 Be6 27. Ba6 Ra8
28. Bb5 f6 29. Nd3 Bf7 30. h4 Rac8 31. Nf4 e5 32. Ne2 exd4 33. Qxd4 Qe5 34. Qxb6
Rc5 35. Rd1 Be8 36. Rd2 Qe4 37. Bxe8 Qxe8 38. Qd6 R8c6 39. Qg3 Rc4 40. a5 Re4
41. Nd4 Ra6 42. Rb2 Ra7 43. g5 fxg5 44. hxg5 Re1+ 45. Kh2 Rf7 46. a6 Qe4 47. f3
Qe3 48. Rb7 Qd2+ 49. Kh3 Qxc3 50. Rxf7+ Kxf7 51. Qf4+ Kg8 52. a7 Qc8+ 53. Kg2
Re8 54. Qf6 Qd7 55. Ne6 Qxa7 56. Nf4 Qf7 57. Qd6 Qf5 58. Nxd5 Qxg5+ 59. Kf2 Qh4+
60. Kf1 Re1+ 61. Kg2 Re2+ 0-1

[Event "PRO League Group Stage"]
[Site "chess.com INT"]
[Date "2018.02.04"]
[Round "4"]
[White "Tan, Justin2"]
[Black "Hansen, Torbjorn Ringdal"]
[Result "0-1"]
[WhiteTitle "IM"]
[BlackTitle "GM"]
[WhiteElo "2466"]
[BlackElo "2410"]
[WhiteTeam "London Lions"]
[BlackTeam "Norway Gnomes"]
[WhiteFideId "3206882"]
[BlackFideId "1501720"]
[EventDate "2018.01.18"]

1. e4 c6 2. d4 d5 3. Nc3 dxe4 4. Nxe4 Nf6 5. Nxf6+ exf6 6. c3 Bd6 7. Bd3 O-O 8.
Ne2 Re8 9. Qc2 h5 10. h3 Be6 11. Be3 Nd7 12. O-O Qc7 13. c4 Nf8 14. c5 Be7 15.
Nf4 g6 16. Nxe6 Nxe6 17. Bc4 f5 18. Rfd1 Rad8 19. Rd3 Bf6 20. Rad1 f4 21. Bc1
Kg7 22. Bxe6 Rxe6 23. b4 Re4 24. Bb2 Qe7 25. Kf1 Rd5 26. a4 g5 27. R3d2 g4 28.
Re2 Rxe2 29. Qxe2 Qd7 30. hxg4 hxg4 31. Qe4 Bg5 32. b5 f5 33. Qe2 Bf6 34. Qc4
Kg6 35. Bc3 Qh7 36. bxc6 bxc6 37. Ke2 Qh2 38. Qa6 Qxg2 39. Qc8 Qe4+ 40. Kf1 Rd8
41. Qc7 Rh8 0-1

[Event "PRO League Group Stage"]
[Site "chess.com INT"]
[Date "2018.02.04"]
[Round "4"]
[White "Tan, Justin2"]
[Black "Petrosyan, Manuel"]
[Result "0-1"]
[WhiteTitle "IM"]
[BlackTitle "GM"]
[WhiteElo "2466"]
[BlackElo "2570"]
[WhiteTeam "London Lions"]
[BlackTeam "Armenia Eagles"]
[WhiteFideId "3206882"]
[BlackFideId "13300857"]
[EventDate "2018.01.18"]

1. e4 c5 2. Nf3 e6 3. d4 cxd4 4. Nxd4 Nc6 5. Nc3 Qc7 6. Be3 Nf6 7. f4 Nxd4 8.
Qxd4 a6 9. Be2 d6 10. a4 Be7 11. O-O O-O 12. Qd2 b6 13. Bd3 Bb7 14. h3 d5 15. e5
Ne4 16. Bxe4 dxe4 17. Qf2 Qc6 18. Bxb6 Rac8 19. Qe3 Bb4 20. Bd4 Rfd8 21. Rfd1 h6
22. Kh2 Bxc3 23. bxc3 Qc4 24. Rab1 Bd5 25. a5 Qa2 26. Qe2 Rc6 27. Ra1 Qc4 28.
Qf2 Rb8 29. Rdb1 Rb5 30. Qg3 Kh7 31. Qf2 Kg8 32. Qg3 Kh7 33. Qf2 Rc8 34. f5 e3
35. Qxe3 exf5 36. Rxb5 Qxb5 37. Qd3 Qd7 38. Qxa6 Rc6 39. Qd3 Rg6 40. Rg1 Be4 41.
Qd2 Qc6 42. Qf2 Qb5 43. Bb6 Qxe5+ 44. g3 Qxc3 0-1

[Event "PRO League Group Stage"]
[Site "chess.com INT"]
[Date "2018.02.04"]
[Round "4"]
[White "Haug, Johannes"]
[Black "Villegas, Pierre"]
[Result "1-0"]
[WhiteTitle "FM"]
[BlackTitle "FM"]
[WhiteElo "2357"]
[BlackElo "2320"]
[WhiteTeam "Oslo Trolls"]
[BlackTeam "Cannes Blockbusters"]
[WhiteFideId "1509268"]
[BlackFideId "654183"]
[EventDate "2018.01.18"]

1. d4 Nf6 2. c4 e6 3. Nf3 d5 4. Nc3 dxc4 5. e3 a6 6. a4 c5 7. Bxc4 Nc6 8. O-O
Be7 9. Qe2 cxd4 10. exd4 Nxd4 11. Nxd4 Qxd4 12. Be3 Qh4 13. Rad1 O-O 14. g3 Qh3
15. f3 Qh5 16. Qf2 h6 17. g4 Nxg4 18. fxg4 Qxg4+ 19. Qg2 Qxc4 20. Bxh6 Qc5+ 21.
Kh1 g6 22. Bxf8 Bxf8 23. Ne4 Qc6 24. Rd8 Kg7 25. Rxf7+ 1-0

[Event "PRO League Group Stage"]
[Site "chess.com INT"]
[Date "2018.02.04"]
[Round "4"]
[White "Haug, Johannes"]
[Black "Alekseenko, Kirill"]
[Result "1/2-1/2"]
[WhiteTitle "FM"]
[BlackTitle "GM"]
[WhiteElo "2357"]
[BlackElo "2594"]
[WhiteTeam "Oslo Trolls"]
[BlackTeam "Stockholm Snowballs"]
[WhiteFideId "1509268"]
[BlackFideId "4135539"]
[EventDate "2018.01.18"]

1. d4 d5 2. c4 dxc4 3. e4 Nf6 4. e5 Nd5 5. Bxc4 Nb6 6. Bd3 Nc6 7. Ne2 Bg4 8. f3
Be6 9. Nbc3 Qd7 10. Ne4 Bd5 11. Nc5 Qc8 12. Be3 e6 13. O-O Bxc5 14. dxc5 Nc4 15.
Bxc4 Bxc4 16. f4 Qd8 17. Qc2 Qd3 18. Qxd3 Bxd3 19. Kf2 O-O-O 20. Rfd1 Bxe2 21.
Kxe2 Rxd1 22. Rxd1 Rd8 23. Rxd8+ Kxd8 24. Kd3 Kd7 25. Kc4 Ne7 26. b4 Nd5 27. Bd2
a6 28. a4 h5 29. g3 c6 30. h3 Ke8 31. g4 Kf8 32. b5 Kg8 33. bxa6 bxa6 34. Kd4
Kf8 35. f5 exf5 36. gxf5 g6 37. fxg6 Kg7 38. gxf7 Kxf7 39. Ke4 Ke6 40. Be1 Ne7
41. Bc3 Kf7 42. Bd2 Ke6 43. Bc1 Nd5 44. Bd2 Ne7 45. Bc3 Nd5 46. Bd2 Ne7 1/2-1/2

[Event "PRO League Group Stage"]
[Site "chess.com INT"]
[Date "2018.02.04"]
[Round "4"]
[White "Olafsson, Helgi"]
[Black "Holm, Kristian Stuvik"]
[Result "1-0"]
[WhiteTitle "GM"]
[BlackTitle "IM"]
[WhiteElo "2508"]
[BlackElo "2436"]
[WhiteTeam "Reykjavik Puffins"]
[BlackTeam "Oslo Trolls"]
[WhiteFideId "2300010"]
[BlackFideId "1508083"]
[EventDate "2018.01.18"]

1. Nf3 d5 2. d4 Nf6 3. c4 e6 4. Nc3 c6 5. cxd5 exd5 6. Bg5 Be7 7. Qc2 g6 8. Bxf6
Bxf6 9. e4 dxe4 10. Qxe4+ Kf8 11. Bc4 Kg8 12. Ne5 Bxe5 13. dxe5 Bf5 14. Qf4 Kg7
15. g4 Qh4 16. h3 Rf8 17. O-O-O b5 18. Qe3 Bc8 19. Bb3 a5 20. f4 a4 21. Bc2 a3
22. b3 Na6 23. f5 Nb4 24. Be4 Re8 25. Rd6 Bb7 26. e6 Nd5 27. Bxd5 cxd5 28. Rd7
Re7 29. Qe5+ Kg8 30. exf7+ Rxf7 31. Rxf7 Kxf7 32. fxg6+ Kxg6 33. Rf1 Qg5+ 34.
Qxg5+ Kxg5 35. Ne2 Kh4 36. Rf7 Rc8+ 37. Kd2 Ba6 38. Rxh7+ Kg5 39. Rh5+ Kg6 40.
Nf4+ Kg7 41. Rxd5 Rf8 42. Ne6+ 1-0

[Event "PRO League Group Stage"]
[Site "chess.com INT"]
[Date "2018.02.04"]
[Round "4"]
[White "Haug, Johannes"]
[Black "Tan, Justin2"]
[Result "1/2-1/2"]
[WhiteTitle "FM"]
[BlackTitle "IM"]
[WhiteElo "2357"]
[BlackElo "2466"]
[WhiteTeam "Oslo Trolls"]
[BlackTeam "London Lions"]
[WhiteFideId "1509268"]
[BlackFideId "3206882"]
[EventDate "2018.01.18"]

1. d4 Nf6 2. c4 e6 3. Nf3 d5 4. Nc3 dxc4 5. e3 a6 6. a4 b6 7. Bxc4 Bb7 8. O-O
Bb4 9. Be2 O-O 10. Qc2 Nbd7 11. Rd1 Qe7 12. b3 Rac8 13. Bb2 c5 14. dxc5 Nxc5 15.
Nd4 Nce4 16. Bc4 Bxc3 17. Bxc3 Ng4 18. Be1 Qc7 19. g3 Ng5 20. h4 Nh3+ 21. Kf1
Nh2+ 22. Ke2 Ng1+ 23. Kd2 e5 24. Nf5 Nhf3+ 25. Kc1 b5 26. axb5 axb5 27. Bd3 Qb6
28. Ne7+ Kh8 29. Nxc8 Rxc8 30. Bc3 b4 31. Bc4 bxc3 32. Rd7 Nd2 33. Ra4 Be4 34.
Qxc3 Ne2+ 35. Bxe2 Rxc3+ 36. Kxd2 Rc2+ 37. Kd1 g6 38. Rxe4 Qc6 39. Rd8+ Kg7 40.
Rc4 Rxc4 41. Bxc4 f5 42. Ke2 f4 43. gxf4 exf4 44. Rd4 f3+ 45. Kd3 Qc7 46. Rf4
Qd6+ 47. Kc3 Qe5+ 48. Kc2 h5 49. Bd3 Qc5+ 50. Bc4 Qc6 51. Kd3 Kh6 52. b4 g5 53.
hxg5+ Kxg5 54. b5 Qd6+ 55. Kc3 h4 56. Rxf3 Qc5 57. Kb3 Kg4 58. Rf4+ Kg5 59. Rf3
Qd6 60. Kc3 Qe5+ 61. Kb3 Qe4 62. Rf4 Qb1+ 63. Kc3 h3 64. Bd5 Qxb5 65. Kd4 Qb2+
66. Kc5 h2 67. Kd6 Qd2 68. Ke5 Qc3+ 69. Ke6 Qc8+ 70. Ke5 Qe8+ 71. Kd4 Qd7 72.
Ke5 Qxd5+ 73. Kxd5 h1=Q+ 74. Kd4 Qd1+ 75. Kc3 Qe2 76. Kd4 Qd2+ 77. Ke4 Qd6 78.
Kf3 Qe6 79. Kg3 Qa2 80. Kg2 Qe2 81. Kg1 Qe1+ 82. Kg2 Qd1 83. Rd4 Qc1 84. Rf4 Qb1
85. Rd4 Kf5 86. Rf4+ Ke5 87. Rd4 Qg6+ 88. Kf1 Qa6+ 89. Kg2 Qg6+ 90. Kf1 Qh6 91.
Kg2 Qh7 92. Rf4 Qg6+ 93. Kf1 Kd5 94. Rd4+ Ke5 95. Rf4 Qg8 96. Rd4 Qa8 97. Kg1
Qg8+ 98. Kf1 Qh8 99. Kg1 Qh7 100. Rf4 Qg6+ 101. Kf1 Qg8 102. Rd4 Kf5 103. Rf4+
Kg5 104. Rd4 Qa8 105. Kg1 Qf3 106. Rf4 Qe2 107. Kg2 Qe1 108. Rd4 Kf5 109. Rf4+
Ke5 110. Rd4 Qe2 111. Rf4 Kd5 112. Rd4+ Kc5 113. Rf4 Qd1 114. Rd4 Qh5 115. Rf4
Qg5+ 116. Kf1 Qg6 117. Rd4 Qc2 118. Kg1 Qe2 119. Rf4 Kd5 120. Rd4+ Ke5 121. Rf4
Qd1+ 122. Kg2 Qd5+ 123. Kg1 Qg8+ 124. Kf1 Qh7 125. Kg2 Qg6+ 126. Kf1 Qh6 127.
Kg2 Qg5+ 128. Kf1 Qg6 129. Rd4 1/2-1/2

[Event "PRO League Group Stage"]
[Site "chess.com INT"]
[Date "2018.02.04"]
[Round "4"]
[White "Haug, Johannes"]
[Black "Degraeve, Jean-Marc"]
[Result "1/2-1/2"]
[WhiteTitle "FM"]
[BlackTitle "GM"]
[WhiteElo "2357"]
[BlackElo "2570"]
[WhiteTeam "Oslo Trolls"]
[BlackTeam "Marseille Migraines"]
[WhiteFideId "1509268"]
[BlackFideId "600270"]
[EventDate "2018.01.18"]

1. d4 d6 2. e4 Nf6 3. Nc3 e5 4. Nge2 exd4 5. Nxd4 Be7 6. g3 O-O 7. Bg2 Re8 8.
O-O Bf8 9. h3 Nbd7 10. Re1 Nc5 11. Bf4 Ne6 12. Nxe6 Bxe6 13. Qd2 c6 14. Rad1 Qb6
15. Bxd6 Bxd6 16. Qxd6 Qxb2 17. Qd3 Qb6 18. Rb1 Qc7 19. e5 Red8 20. Qe3 Nd5 21.
Nxd5 cxd5 22. c3 b6 23. f4 Rac8 24. Rbc1 Qc5 25. g4 Qxe3+ 26. Rxe3 d4 27. Rd3
Bxa2 28. Rcd1 Bb3 29. R1d2 a5 30. Rxd4 Rxd4 31. Rxd4 a4 32. Bd5 Bxd5 33. Rxd5 a3
34. c4 a2 35. Rd1 g5 36. Ra1 Rxc4 37. Rxa2 Rxf4 38. Rb2 Re4 39. Rxb6 Rxe5 40.
Kg2 Kg7 41. Kg3 Re3+ 42. Kg2 Re6 43. Rb5 Kg6 44. Kg3 h5 45. gxh5+ Kxh5 46. h4
Rg6 47. Kh3 Kh6 48. Kg4 gxh4+ 49. Kxh4 Rg1 50. Rf5 Kg6 51. Rf3 Kg7 52. Rf4 Kf8
53. Rg4 Rb1 54. Kg5 Rb5+ 55. Kf6 Rb6+ 56. Kf5 Rc6 57. Rg1 Ra6 58. Rb1 Kg7 59.
Rb7 Ra5+ 60. Kf4 Kg6 61. Rb6+ f6 62. Rb8 Ra4+ 63. Kf3 Kg5 64. Rb5+ f5 65. Rb8
Ra3+ 66. Kf2 Kg4 67. Rg8+ Kf4 68. Rb8 Ra2+ 69. Kf1 Kg4 70. Rb3 f4 71. Rc3 Ra4
72. Rb3 Re4 73. Rc3 Re5 74. Rb3 Re4 75. Rc3 Rd4 76. Ra3 Kf5 77. Rb3 Ke4 78. Ra3
Rd5 79. Rb3 Rh5 80. Ra3 Rh1+ 81. Kf2 Rh2+ 82. Kf1 Kf5 83. Rb3 Kg4 84. Ra3 Rh3
85. Rxh3 Kxh3 86. Kf2 Kg4 87. Kg2 f3+ 88. Kf2 Kf4 89. Kf1 Ke3 90. Ke1 Ke4 91.
Kf2 Kf4 92. Kf1 Ke3 93. Ke1 Kf4 94. Kf2 Kg4 95. Kf1 Kg3 96. Kg1 f2+ 97. Kf1 Kf3 1/2-1/2

[Event "PRO League Group Stage"]
[Site "chess.com INT"]
[Date "2018.02.04"]
[Round "4"]
[White "Kunitson, Nikolai"]
[Black "Dek, Lennart"]
[Result "1-0"]
[BlackTitle "FM"]
[WhiteElo "2053"]
[BlackElo "2279"]
[WhiteTeam "Estonia Horses"]
[BlackTeam "Amsterdam Mosquitoes"]
[WhiteFideId "4502426"]
[BlackFideId "1013114"]
[EventDate "2018.01.18"]

1. e4 c5 2. Nf3 Nc6 3. d4 cxd4 4. Nxd4 Nf6 5. Nc3 e5 6. Ndb5 d6 7. Nd5 Nxd5 8.
exd5 Nb8 9. c4 a6 10. Nc3 Be7 11. Bd3 f5 12. f4 Bf6 13. O-O O-O 14. Kh1 g6 15.
Rb1 Nd7 16. Be3 exf4 17. Bxf4 Ne5 18. Be2 Bd7 19. Qd2 Rc8 20. b3 Qe7 21. Rfe1 g5
22. Be3 Qg7 23. Rbc1 Kh8 24. Na4 Bxa4 25. bxa4 Rc7 26. c5 dxc5 27. Rxc5 Rxc5 28.
Bxc5 Rd8 29. Rd1 Qc7 30. Bg1 Qd7 31. a5 Qd6 32. Bb6 Rc8 33. Rf1 f4 34. Bg1 Ng6
35. Bg4 Rd8 36. Rd1 Ne5 37. Bf5 f3 38. Bb6 Nc4 39. Qf2 Nxb6 40. axb6 fxg2+ 41.
Kxg2 Re8 42. Be6 Bg7 43. Rd2 Rf8 44. Qe3 Be5 45. Re2 Bf6 46. Rc2 Qe5 47. Qxe5
Bxe5 48. a4 Rd8 49. Rc7 Rf8 50. Rxb7 Rf4 51. Rf7 Rxa4 52. Rf5 Bf4 53. b7 Rb4 54.
Rf7 a5 55. Rd7 a4 56. d6 a3 57. Rd8+ Kg7 58. b8=Q 1-0

[Event "PRO League Group Stage"]
[Site "chess.com INT"]
[Date "2018.02.04"]
[Round "4"]
[White "Kunitson, Nikolai"]
[Black "Thorfinnsson, Bjorn"]
[Result "0-1"]
[BlackTitle "IM"]
[WhiteElo "2053"]
[BlackElo "2400"]
[WhiteTeam "Estonia Horses"]
[BlackTeam "Reykjavik Puffins"]
[WhiteFideId "4502426"]
[BlackFideId "2300982"]
[EventDate "2018.01.18"]

1. e4 e5 2. Nf3 Nc6 3. Bb5 Nge7 4. O-O d6 5. Re1 Bd7 6. c3 Ng6 7. d4 Be7 8. Bf1
O-O 9. d5 Nb8 10. c4 f5 11. exf5 Bxf5 12. Nc3 Nd7 13. Nd2 Bg5 14. Nde4 Bxc1 15.
Rxc1 a5 16. Qd2 Nf4 17. Re3 Nf6 18. b3 Bxe4 19. Nxe4 Nxe4 20. Rxe4 Qg5 21. Kh1
Rf6 22. g3 Nh3 23. Qxg5 Nxg5 24. Re2 Raf8 25. Kg2 Nf3 26. c5 Nd4 27. Rd2 g5 28.
cxd6 cxd6 29. Rc7 R6f7 30. Rc3 g4 31. a3 Rf3 32. Rxf3 Rxf3 33. b4 a4 34. Bd3 Rf8
35. h3 h5 36. Bg6 Nf3 37. Rd1 Nd4 38. Bxh5 gxh3+ 39. Kxh3 Rxf2 40. Rc1 b5 41.
Rc7 Ra2 42. Kg4 Rxa3 43. Rd7 Rb3 44. Rxd6 Rxg3+ 45. Kxg3 Nf5+ 46. Kf2 Nxd6 47.
Bd1 Kf7 48. Ke3 Kf6 49. Kd3 Kf5 50. Bc2 Kf4 51. Ke2 e4 52. Bb1 Ke5 53. Ba2 Kd4
54. Kd2 e3+ 55. Ke2 Ne4 56. Kf3 Kd3 57. Bb1+ Kd2 58. Bxe4 e2 59. d6 e1=Q 60. d7
Qe3+ 0-1

[Event "PRO League Group Stage"]
[Site "chess.com INT"]
[Date "2018.02.04"]
[Round "4"]
[White "Kunitson, Nikolai"]
[Black "Skuhala, Luka"]
[Result "0-1"]
[WhiteElo "2053"]
[BlackElo "2059"]
[WhiteTeam "Estonia Horses"]
[BlackTeam "Ljubljana Turtles"]
[WhiteFideId "4502426"]
[BlackFideId "14605678"]
[EventDate "2018.01.18"]

1. e4 c5 2. Nf3 d6 3. d4 cxd4 4. Nxd4 Nf6 5. Nc3 a6 6. Bg5 e6 7. f4 h6 8. Bxf6
Qxf6 9. Qd2 Nc6 10. Nf3 Qd8 11. O-O-O Be7 12. g4 Qb6 13. Kb1 Bd7 14. g5 hxg5 15.
Nxg5 f6 16. Nf3 O-O-O 17. Rg1 Rh7 18. Bd3 Be8 19. Qg2 Nb4 20. Bc4 d5 21. exd5
exd5 22. Nxd5 Nxd5 23. Bxd5 Kb8 24. Bb3 Bc6 25. a3 Bc5 26. Rgf1 a5 27. a4 Ka7
28. f5 Rhh8 29. Rxd8 Rxd8 30. Qxg7 Qa6 31. Qg2 b5 32. axb5 Qxb5 33. Rc1 Qb7 34.
Rf1 a4 35. Ba2 a3 36. Bb3 Be4 37. Ka2 axb2 38. Qg4 Qa6+ 39. Kxb2 Qa3+ 40. Kb1
Qxb3+ 0-1